Covers des albums de Jul - Statistiques

Statistiques générales
  • Ce quiz a été pris 62 fois
  • Le résultat moyen est 16 sur 24
Statistiques - réponses
Par images Réponse % Correct
Coeur blanc
91%
Dans ma paranoïa
91%
My World
91%
Émotions
85%
L'ovni
81%
La tête dans les nuages
79%
La machine
74%
Rien 100 rien
74%
C'est pas des LOL
70%
Inspi d'ailleurs
64%
Indépendance
62%
DP à vie
60%
Extraterrestre
60%
La zone en personne
60%
C'est quand qu'il s'éteint
57%
Décennie
57%
Je ne me vois pas briller
55%
Je trouve pas le sommeil
55%
Loin du monde
55%
Je tourne en rond
49%
La route est longue
49%
Mise à jour
49%
Innarêtable
45%
Demain ça ira
43%
Aucun quiz correspondant
Distribution des résultats
% des personnes avec chaque résultat
Percentile par nombre de réponses
Votre historique - résultats
Vous n’avez pas pris ce quiz